Coupes du Monde de Football: Canada - Statistiques

Statistiques générales
  • Ce quiz a été pris 129 fois
    85 depuis la dernière actualisation
  • Le résultat moyen est 4 sur 6
Statistiques - réponses
Réponse % Correct
Belgique
91%
Maroc
89%
Croatie
86%
France
78%
URSS
58%
Hongrie
38%
Aucun quiz correspondant
Distribution des résultats
% des personnes avec chaque résultat
Percentile par nombre de réponses
Votre historique - résultats
Vous n’avez pas pris ce quiz depuis la dernière actualisation